000 00542nam a22001577a 4500
003 NUST
082 _a610
100 _aMahmood ,Naila
_9122393
245 _aEvaluating the expression of FAM26F in cancers and deciphering its molecular pathways /
_cNaila Mahmood
264 _aIslamabad:
_bSMME- NUST.
_c2021.
300 _a78p. ;
_bSoft Copy,
_c30cm.
650 _aMS Biomedical Sciences (BMS)
700 _aSupervisor : Dr. Aneela Javed
_9122394
856 _uhttp://10.250.8.41:8080/xmlui/handle/123456789/26208
942 _2ddc
_cTHE
999 _c608888
_d608888